Dificultades en el proceso lectoescritor / (Registro nro. 156077)

Detalles MARC
000 -CABECERA
campo de control de longitud fija 00677nam a2200217 u 4500
005 - FECHA Y HORA DE LA ÚLTIMA TRANSACCIÓN
campo de control 20240910063810.0
008 - ELEMENTOS DE LONGITUD FIJA--INFORMACIÓN GENERAL
campo de control de longitud fija 120328s2009 mx r 000 0 spa d
020 ## - NÚMERO INTERNACIONAL NORMALIZADO PARA LIBROS
Número Internacional Estándar del Libro 9786071704009
035 ## - NÚMERO DE CONTROL DEL SISTEMA
Número de control de sistema UPN01000183974
049 ## - COLECCIÓN
Colección CG
050 #4 - SIGNATURA TOPOGRÁFICA DE LA BIBLIOTECA DEL CONGRESO
Número de clasificación LC4704
Número de documento/Ítem D5.3
245 00 - MENCIÓN DE TÍTULO
Título Dificultades en el proceso lectoescritor /
Mención de responsabilidad, etc. Luis Quintanar Rojas ... [et al.].
260 ## - PUBLICACIÓN, DISTRIBUCIÓN, ETC.
Lugar de publicación, distribución, etc. México :
Nombre del editor, distribuidor, etc. Trillas.
Fecha de publicación, distribución, etc. 2009.
300 ## - DESCRIPCIÓN FÍSICA
Extensión 96 p. :
Otras características físicas il. cuadros
650 #4 - ASIENTO SECUNDARIO DE MATERIA - TERMINO TEMATICO
Término de materia o nombre geográfico como elemento de entrada Niños con problemas de aprendizaje
9 (RLIN) 10315
650 #4 - ASIENTO SECUNDARIO DE MATERIA - TERMINO TEMATICO
Término de materia o nombre geográfico como elemento de entrada Aprendizaje de la lectoescritura
9 (RLIN) 1535
650 #4 - ASIENTO SECUNDARIO DE MATERIA - TERMINO TEMATICO
Término de materia o nombre geográfico como elemento de entrada LECTURA, PSICOLOGIA DE LA
9 (RLIN) 6935
700 1# - ASIENTO SECUNDARIO--NOMBRE DE PERSONAL
Nombre de persona Quintanar Rojas, Luis,
Término indicativo de función/relación coaut.
905 ## - TIPO DE MATERIAL
Tipo de material Libro
Existencias
Estado de retiro Estado de pérdida Fuente del sistema de clasificación o colocación Estado dañado No para préstamo Código de colección Localización permanente Ubicación/localización actual Ubicación en estantería Fecha de adquisición Total de préstamos Renovaciones totales Clasificación Código de barras Fecha visto por última vez Fecha del último préstamo Número de copia Tipo de ítem Koha
    Library of Congress Classification     Colección General Bib. Gregorio Torres Quintero Bib. Gregorio Torres Quintero Planta baja 19/08/2022 21 1 LC4704 D5.3 283065 18/10/2023 10/10/2023 1 Libro
    Library of Congress Classification     Colección General Bib. Gregorio Torres Quintero Bib. Gregorio Torres Quintero Planta baja 04/03/2024 26   LC4704 D5.3 283064 08/09/2025 27/08/2025 1 Libro
    Library of Congress Classification     Colección General Bib. Gregorio Torres Quintero Bib. Gregorio Torres Quintero Planta baja   20   LC4704 D5.3 283066 31/12/2020   1 Libro